00969nam a22002057a 450000500170000000800410001702000150005804000070007304100080008008200210008810000210010924500300013026000380016030000330019852004620023165000150069365000120070865000200072070000230074020211216165055.0211216b ||||| |||| 00| 0 eng d a0140298835 cAL aeng 223a954.04bTHAI aRomila Thapar Ed aIndia Another Millennium? aNew Delhi:bPenguin Books,c2000. axxxi,317 p.bPB,c20x13C cm. aIn this collection of essays, fourteen of India's foremost scholars and specialists in various fields explore the challenges that lie before twenty-first century India in its quest for a democratic and just society. The volume includes essays by Bina Agarwal, Javeed Alam, Kaushik Basu, rustom Bharucha, Dipankar Gupta, Gopal Guru, Sunil Khilnani, Krishna Kumar, N.R. Narayana Murthy, Prabhat Patnaik, Dhruv Raina, N. Ram, Mahesh Rangarajan and P. Sainath.  aInequality aMarxism aGender Equality aTHAPAR (Romila) Ed